LEADER 01136nam0 2200337 450 001 9910592699803321 005 20220928103709.0 100 $a20220928e18641963km y0itay50 ba 101 0 $ager$alat 102 $aDE 105 $ay 001yy 200 1 $a[Annales aevi Suevici]$fedidit Georg Heinrich Pertz 205 $aUnveränderter Nachdruck 210 $aStuttgart$cHiersemann$d1963 215 $a4 v.$d33 cm 225 1 $aMonumenta Germaniae Historica$eScriptores (in Folio)$v16, 17, 18, 19 300 $aTitolo derivato dal piano dell'opera 324 $aRiproduzione facsimile dell'edizione: Hannoverae, 1859-1864 676 $a943.02$v23$zita 702 1$aPertz,$bGeorg Heinrich 801 0$aIT$bUNINA$gREICAT$2UNIMARC 856 4 $uhttps://www.dmgh.de/$e20220927 901 $aBK 912 $a9910592699803321 952 $a943.02 M.G.H. SCRIPTORES 19$bS.I.$fFLFBC 952 $a943.02 M.G.H. SCRIPTORES 16$bS.I.$fFLFBC 952 $a943.02 M.G.H. SCRIPTORES 17$bS.I.$fFLFBC 952 $a943.02 M.G.H. SCRIPTORES 18$bS.I.$fFLFBC 959 $aFLFBC 996 $aAnnales aevi Suevici$9245442 997 $aUNINA